[Event "XXVI Miedzynarodowy Festiwal Szachowy w Poznaniu - OPEN A"]
[Site "Poznan"]
[Date "2018-08-26"]
[Round "9.15"]
[White "Vesely, Vitek"]
[Black "Grochowski, Michal "]
[Result "1/2-1/2"]
[WhiteTitle ""]
[BlackTitle ""]
[WhiteElo "2081"]
[BlackElo "1781"]

1. d4 Nf6 2. c4 c5 3. d5 b5 4. cxb5 a6 5. b6 d6 6. Nc3 g6 7. e4 Bg7 8. h3 O-O 9.
Nf3 Nbd7 10. Be2 Nxb6 11. O-O Ne8 12. Be3 f5 13. exf5 Bxf5 14. Rc1 a5 15. g4 Bc8
16. Qd2 Nc7 17. Bh6 Bb7 18. Bxg7 Kxg7 19. Ng5 Nbxd5 20. Bf3 Rxf3 21. Nxf3 Nf6
22. Qe3 Qd7 23. Nd2 d5 24. Qxc5 Nxg4 25. Qd4+ Nf6 26. Nce4 Ne6 27. Nxf6 exf6 28.
Qg4 h5 29. Qg3 h4 30. Qh2 Kh8 31. f4 Rg8 32. Qe2 Nd4 33. Qd3 Nf5 34. Kh2 Ng3 35.
Rg1 Re8 36. Qxg6 Re2+ 37. Rg2 Rxg2+ 38. Kxg2 d4+ 39. Kh2 Qe6 40. Qd3 Ba6 41. Qf3
Be2 42. Qf2 d3 43. Qc5 Kg7 44. Qf2 Qd6 45. Rg1 Qd5 46. b3 Kf7 47. Qa7+ Kg6 48.
Qe3 Kf7 49. Qa7+ Kg6 50. Qe3 Kf7 51. Nc4 Nf1+ 52. Rxf1 Bxf1 53. Qa7+ Kf8 54. Qf2
Be2 55. Qe3 a4 56. Nd2 axb3 57. axb3 Kf7 58. Kg1 Qa5 59. Kg2 Qc3 60. Kf2 Qc1 1/2-1/2

[Event "XXVI Miedzynarodowy Festiwal Szachowy w Poznaniu - OPEN A"]
[Site "Poznan"]
[Date "2018-08-26"]
[Round "9.16"]
[White "Pawlowski, Rafal "]
[Black "Bajerlein, Dawid "]
[Result "1/2-1/2"]
[WhiteTitle ""]
[BlackTitle ""]
[WhiteElo "1791"]
[BlackElo "2062"]

1. d4 Nf6 2. Nf3 c5 3. e3 g6 4. Be2 Bg7 5. O-O O-O 6. Nbd2 d6 7. b3 Nc6 8. Bb2
Qc7 9. c4 e5 10. d5 Ne7 11. e4 Nh5 12. Ne1 Nf4 13. Nd3 f5 14. f3 Bh6 15. Nb1 Nxd3
16. Qxd3 Bd7 17. Na3 a6 18. Nc2 Rf6 19. Rab1 Raf8 20. Qc3 a5 21. Na3 Qb6 22. Kh1
Qb4 23. Nc2 Qxc3 24. Bxc3 b6 25. a3 fxe4 26. fxe4 Rxf1+ 27. Rxf1 Rxf1+ 28. Bxf1
Bg4 29. Bd3 Kf7 30. Kg1 Bd1 31. Kf2 Bc1 32. a4 g5 33. Ke1 Bh5 34. Be2 Bg6 35.
Kd1 Bf4 36. g3 Bxe4 37. gxf4 gxf4 38. Na3 Nf5 39. Nb5 Ke7 40. Bd2 Nd4 41. Nxd4
cxd4 42. Bg4 Bd3 43. Be1 Bg6 44. Bh4+ Ke8 45. Bg5 Bb1 46. Bh5+ Kd7 47. Bg4+ Kc7
48. Kd2 Be4 49. Bh4 1/2-1/2

[Event "XXVI Miedzynarodowy Festiwal Szachowy w Poznaniu - OPEN A"]
[Site "Poznan"]
[Date "2018-08-26"]
[Round "9.17"]
[White "Golek-schild, Jagoda "]
[Black "Kacprzak, Karol"]
[Result "1/2-1/2"]
[WhiteTitle ""]
[BlackTitle ""]
[WhiteElo "2033"]
[BlackElo "1799"]

1. e4 c5 2. Nf3 d6 3. Bb5+ Nd7 4. d4 cxd4 5. Qxd4 e6 6. Nc3 Ngf6 7. Bg5 Be7 8.
O-O Qc7 9. Rad1 h6 10. Bh4 a6 11. e5 dxe5 12. Qa4 O-O 13. Bxd7 Bxd7 14. Rxd7 Nxd7
15. Bxe7 Rfe8 16. Ba3 Rac8 17. Re1 Nb6 18. Qe4 Nc4 19. Nb1 f5 20. Qe2 e4 21. Nd4
Qe5 22. c3 b5 23. Nc2 Qf4 24. b3 Nxa3 25. Ncxa3 Rcd8 26. Nc2 Rd7 27. Ne3 Red8
28. c4 Qe5 29. Qh5 Qb2 30. Qg6 Re7 31. Qg3 Qxa2 32. Qe5 Ree8 33. cxb5 Qa5 34.
Rf1 axb5 35. Nc3 Rc8 36. Nc4 Qb4 37. Nxb5 Rc5 38. Qg3 Rxb5 39. Nd6 Rd8 40. Nxb5
Qxb5 41. Qc7 Rd7 42. Qc2 Kh7 43. Rb1 Qb4 44. h3 Rd2 45. Qc6 Qd4 46. Rf1 e3 47.
Qxe6 exf2+ 48. Kh2 Qf4+ 49. g3 Qf3 50. Qc4 Rd1 51. b4 Re1 52. b5 Re4 53. Qc2 Re1
54. Qc4 Re4 55. Qc2 f4 56. gxf4 Qxf4+ 57. Kg2 Qg5+ 58. Kh2 Qf4+ 59. Kg2 Qg5+ 60.
Kh2 Qe5+ 61. Kg2 Qg5+ 62. Kh2 Qe5+ 63. Kg2 Qg5+ 64. Kh2 Qe5+ 1/2-1/2

[Event "XXVI Miedzynarodowy Festiwal Szachowy w Poznaniu - OPEN A"]
[Site "Poznan"]
[Date "2018-08-26"]
[Round "9.18"]
[White "Kaluzny, Lukasz"]
[Black "Kacprzak, Kacper "]
[Result "1/2-1/2"]
[WhiteTitle ""]
[BlackTitle ""]
[WhiteElo "1943"]
[BlackElo "1768"]

1. d4 Nf6 2. Nf3 c5 3. c3 e6 4. Bf4 Nc6 5. e3 d5 6. Bd3 Bd6 7. Bxd6 Qxd6 8. O-O
O-O 9. Nbd2 e5 10. dxe5 Nxe5 11. Nxe5 Qxe5 12. Nf3 Qh5 13. Be2 Rd8 14. Nd2 Qe5
15. Nf3 Qc7 16. Qc2 b6 17. Rfd1 Bb7 18. Qf5 Qd7 19. Qxd7 Rxd7 20. Ne5 Re7 21.
Nf3 Rae8 22. Bb5 Rc8 23. Ng5 h6 24. Nf3 Ne4 25. Rac1 Nd6 26. Bd3 c4 27. Bb1 g6
28. Nd4 Kg7 29. Ne2 f5 30. h3 g5 31. Nd4 Rf8 32. g4 fxg4 33. hxg4 Bc8 34. Nc6
Rc7 35. Ne5 Be6 36. Rf1 Ne4 37. f4 Ng3 38. Rf2 gxf4 39. Kg2 Ne4 40. Bxe4 dxe4
41. Rxf4 Rc5 42. Rcf1 Rd8 43. Nf7 Rd2+ 44. Kg3 h5 45. Nh6 Bxg4 46. Nxg4 Rg5 47.
Rf7+ Kg8 48. Rf8+ Kg7 49. R1f7+ Kg6 50. Rf6+ Kh7 51. R8f7+ Kg8 52. Kh4 Rxg4+ 53.
Kxh5 Rdg2 54. Rxa7 R4g3 55. Rf4 Rg5+ 56. Kh4 Rg6 57. Kh5 R2g5+ 1/2-1/2

[Event "XXVI Miedzynarodowy Festiwal Szachowy w Poznaniu - OPEN A"]
[Site "Poznan"]
[Date "2018-08-26"]
[Round "9.19"]
[White "Wloch, Mikolaj "]
[Black "Niedbala, Wojciech "]
[Result "1/2-1/2"]
[WhiteTitle ""]
[BlackTitle ""]
[WhiteElo "1772"]
[BlackElo "1914"]

1. e4 c5 2. Nf3 d6 3. d4 cxd4 4. Nxd4 Nf6 5. Nc3 a6 6. Be2 e5 7. Nb3 Be7 8. Be3
Be6 9. Nd5 Bxd5 10. exd5 Nbd7 11. O-O O-O 12. f4 Rc8 13. c3 Nb6 14. Bxb6 Qxb6+
15. Kh1 Rfe8 16. Rc1 Bd8 17. fxe5 Rxe5 18. Bf3 1/2-1/2

[Event "XXVI Miedzynarodowy Festiwal Szachowy w Poznaniu - OPEN A"]
[Site "Poznan"]
[Date "2018-08-26"]
[Round "9.20"]
[White "Roszkiewicz, Anna"]
[Black "Kozlowska, Marzena "]
[Result "1/2-1/2"]
[WhiteTitle ""]
[BlackTitle ""]
[WhiteElo "1750"]
[BlackElo "1901"]

1. e4 c5 2. Nf3 Nc6 3. d4 cxd4 4. Nxd4 e5 5. Nb5 d6 6. N1c3 a6 7. Na3 b5 8. Nd5
Nf6 9. Bg5 Be7 10. Bxf6 Bxf6 11. c3 Be7 12. Qd3 Be6 13. Nc2 Bxd5 14. Qxd5 Qc8
15. a4 O-O 16. axb5 axb5 17. Bxb5 Na5 18. Qa2 Nb7 19. O-O Nc5 20. Rfe1 Rb8 21.
Bc4 Qc6 22. Nb4 Qb7 23. Qa7 Bg5 24. Qxb7 Rxb7 25. Bd5 Rb6 26. Ra8 Rxa8 27. Bxa8
Na4 28. Rd1 g6 29. Bc6 Nc5 30. Bd5 Na6 31. Nxa6 Rxa6 32. Kf1 Kf8 33. Ke2 f5 34.
f3 Bd8 35. b4 Bb6 36. Kd3 f4 37. Kc4 Be3 38. Kb5 Rb6+ 39. Ka5 Ke7 40. c4 Kd8 41.
b5 Kc7 42. Ra1 Rb8 43. Kb4 Bc5+ 44. Kb3 g5 1/2-1/2

[Event "XXVI Miedzynarodowy Festiwal Szachowy w Poznaniu - OPEN A"]
[Site "Poznan"]
[Date "2018-08-26"]
[Round "9.21"]
[White "Stachowiak, Slawomir "]
[Black "Lesien, Przemyslaw "]
[Result "1-0"]
[WhiteTitle ""]
[BlackTitle ""]
[WhiteElo "1872"]
[BlackElo "1793"]

1. e4 c5 2. Nf3 a6 3. d4 cxd4 4. Nxd4 Nf6 5. Nc3 e5 6. Nb3 Bb4 7. Bd3 Bxc3+ 8.
bxc3 Qc7 9. Bb2 O-O 10. O-O Rd8 11. Qe2 b6 12. Rae1 Bb7 13. Qe3 d6 14. Qg3 Nbd7
15. Qh4 Nf8 16. Qg5 Ne6 17. Qh4 Nf4 18. g3 Ng6 19. Qg5 Bc8 20. f3 Qd7 21. Rf2
Qa4 22. a3 Be6 23. Nd2 Qc6 24. c4 Rac8 25. Qe3 Qc5 26. Qe2 a5 27. Kg2 a4 28. h3
Nh5 29. Kh2 Bxh3 30. Rg1 Be6 31. Kh1 Nhf4 32. gxf4 Nxf4 33. Qe1 Nh3 34. Rgg2
Nxf2+ 35. Rxf2 Rf8 36. Rh2 h6 37. Qg3 Qe3 38. Nf1 Qg5 39. Qxg5 hxg5 40. Ne3 f6
41. Bc1 Kf7 42. Bd2 Rh8 43. Rxh8 Rxh8+ 44. Kg2 g6 45. Bb4 Bh3+ 46. Kg1 Ke6 47.
Nd5 Rb8 48. Nc7+ Ke7 49. Nb5 Rd8 50. Nc3 g4 51. fxg4 Bxg4 52. Nxa4 Rb8 53. Nc3
f5 54. Nd5+ Ke6 55. Nc7+ Ke7 56. Nb5 Rd8 57. Nc3 Rb8 58. Nd5+ Ke6 59. Nc3 Bh3
60. Nd5 f4 61. Nc7+ Ke7 62. Nb5 Rd8 63. Nc3 Be6 64. Nb5 g5 65. Nc3 g4 66. Nd5+
Bxd5 67. cxd5 g3 68. Kg2 Rh8 69. Be1 Rh2+ 70. Kf3 g2 71. Bf2 b5 72. Bg1 Rh1 73.
Kxg2 Rh8 74. Bxb5 Rg8+ 75. Kf1 Rg3 76. Bd3 Kf6 77. a4 Kg5 78. a5 Kg4 79. a6 Rh3
80. a7 Rh8 81. Ba6 Kf3 82. Bb7 Kxe4 83. a8=Q Rxa8 84. Bxa8 Kf3 85. c4 e4 86. c5
e3 87. Bxe3 1-0

[Event "XXVI Miedzynarodowy Festiwal Szachowy w Poznaniu - OPEN A"]
[Site "Poznan"]
[Date "2018-08-26"]
[Round "9.22"]
[White "Glatty, Zbigniew "]
[Black "Lisiecki, Robert "]
[Result "0-1"]
[WhiteTitle ""]
[BlackTitle ""]
[WhiteElo "1828"]
[BlackElo "1759"]

1. e4 e6 2. d4 d5 3. Nc3 Bb4 4. e5 c5 5. a3 Bxc3+ 6. bxc3 Qc7 7. Qg4 Ne7 8. Qxg7
Rg8 9. Qxh7 Nbc6 10. Ne2 cxd4 11. f4 dxc3 12. Qd3 Bd7 13. Qxc3 Nf5 14. h3 Qd8
15. g4 d4 16. Qf3 Nxe5 17. fxe5 Bc6 18. Qf2 Ne3 19. Bxe3 dxe3 20. Qxe3 Bxh1 21.
Nd4 Qg5 22. Bb5+ Kf8 23. Kf2 Qxe3+ 24. Kxe3 Bg2 25. Bf1 Bxf1 26. Rxf1 Ke7 27.
Nb5 Rh8 28. Rf3 Rac8 29. Kd3 Rc5 30. c4 Rxe5 31. Nxa7 Re1 32. c5 Rh1 33. c6 R1xh3
34. Rxh3 Rxh3+ 35. Ke4 bxc6 36. Nxc6+ Kf6 37. Ne5 Rxa3 38. g5+ Kxg5 39. Nxf7+
Kf6 40. Nd6 Ra4+ 41. Ke3 Ke5 42. Nf7+ Kd5 43. Ng5 e5 44. Nh7 Ra3+ 45. Ke2 e4 46.
Ng5 Ra7 47. Nh3 Ra2+ 48. Ke1 e3 49. Ng5 Kd4 50. Nf3+ Ke4 51. Ng5+ Kd3 52. Kf1
Ra1+ 53. Kg2 e2 0-1

[Event "XXVI Miedzynarodowy Festiwal Szachowy w Poznaniu - OPEN A"]
[Site "Poznan"]
[Date "2018-08-26"]
[Round "9.23"]
[White "Wawrzyniak, Pawel"]
[Black "Szafranski, Piotr"]
[Result "1-0"]
[WhiteTitle ""]
[BlackTitle ""]
[WhiteElo "1814"]
[BlackElo "1670"]

1. d4 d5 2. c4 e6 3. Nc3 Nf6 4. Bg5 Be7 5. e3 O-O 6. Nf3 h6 7. Bh4 b6 8. Bd3 Bb7
9. Qe2 Nbd7 10. O-O Ne4 11. Bg3 Nxg3 12. hxg3 c5 13. Rac1 Rc8 14. cxd5 exd5 15.
Ba6 Qc7 16. dxc5 bxc5 17. Rfd1 Nf6 18. Rd2 Rfd8 19. Rcd1 Ne4 20. Nxd5 Bxd5 21.
Rxd5 Rxd5 22. Rxd5 Rd8 23. Bc4 Rxd5 24. Bxd5 Nf6 25. Bc4 Qd6 26. Qd3 Qxd3 27.
Bxd3 Bd6 28. Kf1 Nd7 29. Bb5 Ne5 30. Nd2 f6 31. Ke2 Kf7 32. f4 Ng4 33. e4 g5 34.
Bd7 h5 35. Bxg4 hxg4 36. Ke3 Bc7 37. Nc4 Ke6 38. Nd2 Kf7 39. Nc4 Ke6 40. b3 a6
41. a3 Bb8 42. Nd2 Kd7 43. Nf1 Ba7 44. Kd3 Bb8 45. f5 Kc6 46. Kc4 a5 47. a4 Kd6
48. Ne3 Ke7 49. Nxg4 Bxg3 50. Kxc5 Be1 51. Kc4 Bb4 52. Kd5 Bc3 53. Ne3 Kd7 54.
Nc4 Be1 55. e5 fxe5 56. Nxe5+ Ke7 57. Nf3 Bc3 58. Nxg5 1-0

[Event "XXVI Miedzynarodowy Festiwal Szachowy w Poznaniu - OPEN A"]
[Site "Poznan"]
[Date "2018-08-26"]
[Round "9.24"]
[White "Zakrzewski, Bartosz"]
[Black "Simon, Marek "]
[Result "0-1"]
[WhiteTitle ""]
[BlackTitle ""]
[WhiteElo "1533"]
[BlackElo "1902"]

1. e4 c6 2. d4 d5 3. Nc3 dxe4 4. Nxe4 Bf5 5. Ng3 Bg6 6. h4 h6 7. h5 Bh7 8. Nf3
Nd7 9. Bd3 Bxd3 10. Qxd3 e6 11. Bd2 Ngf6 12. O-O-O Be7 13. Kb1 O-O 14. Rhe1 Qc7
15. Nf5 exf5 16. Rxe7 Ne4 17. Ne5 Nxe5 18. Rxc7 Nxd3 19. cxd3 Nxd2+ 20. Rxd2 Rab8
21. Re2 Rfc8 22. Rd7 Rd8 23. Rc7 Rxd4 24. Ree7 Rf8 25. Rxb7 Rh4 26. Rxa7 Rh1+
27. Kc2 Rxh5 28. Rac7 Rh2 29. Rxc6 Rxg2 30. b4 Rb8 31. Kb3 h5 32. a4 h4 33. Re3
Rxf2 34. b5 Rf1 35. Kc2 f4 36. Re4 h3 37. Re2 Rg1 38. Kb3 Rg2 39. Rcc2 f3 40.
Re3 h2 41. Re1 Rg1 42. Rcc1 f2 43. Red1 h1=Q 0-1

[Event "XXVI Miedzynarodowy Festiwal Szachowy w Poznaniu - OPEN A"]
[Site "Poznan"]
[Date "2018-08-26"]
[Round "9.25"]
[White "Szuminski, Marek "]
[Black "Kiwilsza, Piotr"]
[Result "1-0"]
[WhiteTitle ""]
[BlackTitle ""]
[WhiteElo "1942"]
[BlackElo "1623"]

1. d4 d5 2. c4 Nf6 3. cxd5 Qxd5 4. Nc3 Qa5 5. Bd2 Nc6 6. Nf3 Bg4 7. e3 e5 8. Bb5
Bb4 9. Bxc6+ bxc6 10. h3 exd4 11. exd4 Qh5 12. Qe2+ Be7 13. O-O-O Bxf3 14. gxf3
Nd5 15. Rde1 Qh4 16. Nxd5 cxd5 17. Bb4 c5 18. Bxc5 Rc8 19. Qxe7+ Qxe7 20. Rxe7+
Kd8 21. Rhe1 1-0

[Event "XXVI Miedzynarodowy Festiwal Szachowy w Poznaniu - OPEN A"]
[Site "Poznan"]
[Date "2018-08-26"]
[Round "9.26"]
[White "Nadstoga, Wojciech "]
[Black "Weglarz, Janusz"]
[Result "1-0"]
[WhiteTitle ""]
[BlackTitle ""]
[WhiteElo "1928"]
[BlackElo "1707"]

1. Nf3 Nf6 2. g3 g6 3. Bg2 Bg7 4. O-O O-O 5. c4 c6 6. h3 d5 7. cxd5 cxd5 8. d3
Nc6 9. Nc3 a6 10. Bf4 Nh5 11. Bd2 d4 12. Ne4 Nf6 13. Nxf6+ Bxf6 14. Bg5 e6 15.
h4 Bxg5 16. hxg5 Kg7 17. Qd2 Qd6 18. Nh2 e5 19. e4 Be6 20. f4 f5 21. gxf6+ Rxf6
22. f5 gxf5 23. exf5 Bxf5 24. Qg5+ Bg6 25. Ng4 Rxf1+ 26. Rxf1 Qe7 27. Rf6 Rc8
28. Qh6+ Kh8 29. Rxg6 Qf8 30. Qh3 Qf7 31. Be4 Rg8 32. Rxg8+ Qxg8 33. Nf6 Qf7 34.
Nxh7 Qe7 35. Qh6 Qg7 36. Qh4 Qe7 37. Ng5+ Kg7 38. Qh7+ 1-0

[Event "XXVI Miedzynarodowy Festiwal Szachowy w Poznaniu - OPEN A"]
[Site "Poznan"]
[Date "2018-08-26"]
[Round "9.27"]
[White "Zurawski, Kamil"]
[Black "Rozumek, Krzysztof "]
[Result "0-1"]
[WhiteTitle ""]
[BlackTitle ""]
[WhiteElo "1690"]
[BlackElo "1848"]

1. e4 c6 2. d4 d5 3. exd5 cxd5 4. c4 dxc4 5. Bxc4 Nf6 6. Nc3 e6 7. Nf3 a6 8. O-O
b5 9. Bb3 Be7 10. d5 b4 11. dxe6 bxc3 12. exf7+ Kf8 13. Qxd8+ Bxd8 14. Re1 Be7
15. bxc3 Nc6 16. Bg5 Ra7 17. Bxf6 gxf6 18. Nd4 Nd8 19. Re3 Rc7 20. Rae1 Nxf7 21.
Ne6+ Bxe6 22. Rxe6 Ra7 23. Kf1 a5 24. g3 h5 25. h4 Ne5 26. Bd5 Rh7 27. Rb6 Rh8
28. Reb1 Bd8 29. Rb7 Rh7 30. Rxh7 Rxh7 31. c4 Rc7 32. Rb5 Nxc4 33. Bxc4 Rxc4 34.
Rxh5 Ra4 35. Rd5 Be7 36. Rd2 Rb4 37. Ke2 a4 38. Kd1 Rb1+ 39. Kc2 Rf1 40. Kd3 Bc5
41. Rc2 Bd6 42. Ke2 Rb1 43. Kd3 a3 44. h5 Kg7 45. g4 Kh6 46. f3 Be5 47. Re2 Kg5
48. Ke4 Rb4+ 49. Kd3 Rb1 50. Ke4 Rd1 51. Rf2 Bb2 52. f4+ Kxg4 53. h6 f5+ 54. Ke3
Bd4+ 55. Ke2 Bxf2 56. Kxd1 Bd4 0-1

[Event "XXVI Miedzynarodowy Festiwal Szachowy w Poznaniu - OPEN A"]
[Site "Poznan"]
[Date "2018-08-26"]
[Round "9.28"]
[White "Kus, Aleksander"]
[Black "Kabzinski, Jan "]
[Result "1/2-1/2"]
[WhiteTitle ""]
[BlackTitle ""]
[WhiteElo "1844"]
[BlackElo "1522"]

1. e4 c5 2. Nf3 Nc6 3. Bb5 d6 4. O-O Bd7 5. Re1 Nf6 6. c3 a6 7. Bc4 b5 8. Bf1 Bg4
9. a4 b4 10. d4 cxd4 11. cxd4 d5 12. e5 Ng8 13. h3 Bxf3 14. gxf3 e6 15. a5 Nge7
16. Qa4 Qd7 17. Be3 Nf5 18. Rd1 Be7 19. Rd3 O-O 20. Nd2 Rfc8 21. Nb3 Qb7 22. Rdd1
Rc7 23. Rac1 Rac8 24. Kh1 Kf8 25. Qa1 Na7 26. Qb1 h6 27. Qd3 Nb5 28. Rxc7 1/2-1/2

[Event "XXVI Miedzynarodowy Festiwal Szachowy w Poznaniu - OPEN A"]
[Site "Poznan"]
[Date "2018-08-26"]
[Round "9.29"]
[White "Zurawski, Mateusz"]
[Black "Janicki, Rafal "]
[Result "1/2-1/2"]
[WhiteTitle ""]
[BlackTitle ""]
[WhiteElo "1492"]
[BlackElo "1800"]

1. e4 c5 2. Nf3 e6 3. b3 Nc6 4. Bb2 d6 5. Bb5 Bd7 6. O-O a6 7. Bxc6 Bxc6 8. Re1
Ne7 9. d3 Qc7 10. Nbd2 h6 11. a4 a5 12. Nc4 e5 13. Nfxe5 Rg8 14. Nxc6 Nxc6 15.
e5 O-O-O 16. exd6 Bxd6 17. Nxd6+ Qxd6 18. Qg4+ Kb8 19. Qg3 Nd4 20. Bxd4 cxd4 21.
Qxd6+ Rxd6 22. Re5 Rc8 23. Rc1 Rb6 24. Ree1 Rbc6 25. Re2 Rc3 26. g3 Rxb3 27. cxb3
Rxc1+ 28. Kg2 Rc3 29. Re7 Rxd3 30. Rxf7 Rxb3 31. Rxg7 Rb4 32. f4 Rxa4 33. f5 Ra2+
34. Kf1 Ra1+ 35. Ke2 Ra2+ 36. Kf1 Ra3 37. Ke2 Re3+ 38. Kf2 Re5 39. g4 a4 40. f6
Re6 41. Rg6 Re4 42. Kf3 Re1 43. Kf2 Re4 1/2-1/2

[Event "XXVI Miedzynarodowy Festiwal Szachowy w Poznaniu - OPEN A"]
[Site "Poznan"]
[Date "2018-08-26"]
[Round "9.30"]
[White "Chaczynski, Kamil"]
[Black "Wojdak, Karol"]
[Result "1-0"]
[WhiteTitle ""]
[BlackTitle ""]
[WhiteElo "1760"]
[BlackElo "1408"]

1. e4 e5 2. Nf3 Nc6 3. Nc3 Nf6 4. Bb5 a6 5. Bxc6 dxc6 6. Nxe5 Nxe4 7. Nxe4 Qd5
8. O-O Qxe5 9. d4 Qf5 10. Re1 Be6 11. Bg5 h6 12. Bh4 g5 13. g4 Qg6 14. Bg3 O-O-O
15. Be5 Bg7 16. Bxg7 Qxg7 17. c3 b6 18. b4 Qg6 19. a4 h5 20. Qd3 hxg4 21. Qxa6+
Kd7 22. b5 Bd5 23. bxc6+ Bxc6 24. d5 Ba8 25. Qe2 Rh4 26. Qb5+ Kc8 27. c4 Rdh8
28. Ng3 Rxh2 29. Re8+ Rxe8 30. Qxe8+ Kb7 31. Qc6+ Qxc6 32. dxc6+ Kxc6 33. Kxh2
1-0

[Event "XXVI Miedzynarodowy Festiwal Szachowy w Poznaniu - OPEN A"]
[Site "Poznan"]
[Date "2018-08-26"]
[Round "9.31"]
[White "Stochnialek, Dominika"]
[Black "Szafranski, Maciej "]
[Result "0-1"]
[WhiteTitle ""]
[BlackTitle ""]
[WhiteElo "1725"]
[BlackElo "1425"]

1. e4 c5 2. Nf3 d6 3. d4 cxd4 4. Nxd4 Nf6 5. Nc3 a6 6. Be2 e5 7. Nf3 Be6 8. a4
Be7 9. O-O Nbd7 10. b3 O-O 11. Bb2 Qc7 12. Nd2 Rfd8 13. Nc4 Nb6 14. Ne3 Rac8 15.
Rc1 d5 16. a5 Na8 17. Ncxd5 Bxd5 18. exd5 Qxa5 19. c4 Qc7 20. Nf5 Bc5 21. Bd3
Nb6 22. Kh1 Nbd7 23. f3 Nh5 24. Qe1 g6 25. Ng3 Nf4 26. Bc2 Bf8 27. Bc3 Nxd5 28.
Ba5 b6 29. cxd5 bxa5 30. Qd2 Ba3 31. d6 Qc6 32. Be4 Qxc1 33. Qxa5 Qc5 0-1

[Event "XXVI Miedzynarodowy Festiwal Szachowy w Poznaniu - OPEN A"]
[Site "Poznan"]
[Date "2018-08-26"]
[Round "9.32"]
[White "Szymanski, Zbigniew"]
[Black "Korzystka, Wiktor"]
[Result "1-0"]
[WhiteTitle ""]
[BlackTitle ""]
[WhiteElo "1804"]
[BlackElo "1261"]

1. d4 f5 2. g3 e6 3. Bg2 Nf6 4. c4 c6 5. Nh3 d5 6. Qc2 Bd6 7. O-O O-O 8. Bf4 Bxf4
9. Nxf4 Qe7 10. Nd2 Bd7 11. Nf3 h6 12. Ng6 Qd8 13. Nxf8 Qxf8 14. Ne5 Be8 15. cxd5
Nxd5 16. e4 fxe4 17. Bxe4 Nd7 18. Nxd7 Bxd7 19. Rfe1 Qf6 20. Qd2 Rf8 21. Rad1
Be8 22. Qe2 Qg5 23. h4 Qf6 24. Bb1 Bd7 25. f4 g6 26. Qg4 Kf7 27. Qe2 Rg8 28. Qe5
Qe7 29. h5 gxh5 30. Qxh5+ Kf8 31. Qxh6+ Rg7 32. Re5 Qf7 33. Rg5 Ne3 34. Qh8+ Rg8
35. Rxg8+ Qxg8 36. Qxg8+ Kxg8 37. Re1 Nd5 38. Kf2 Kf7 39. Rh1 Nf6 40. Bd3 Ke7
41. Rg1 Kd6 42. g4 Kd5 43. Ke3 e5 44. dxe5 Nxg4+ 45. Kf3 Nh6 46. Rg6 Nf5 47. Bxf5
Bxf5 48. Rd6+ Kc5 49. Kg3 b5 50. Kh4 a5 51. Kg5 Bb1 52. a3 Ba2 53. Rd2 Bd5 54.
f5 Kb6 55. Rxd5 cxd5 56. f6 1-0

[Event "XXVI Miedzynarodowy Festiwal Szachowy w Poznaniu - OPEN A"]
[Site "Poznan"]
[Date "2018-08-26"]
[Round "9.33"]
[White "Pietras, Igor"]
[Black "Najdzionek, Boleslaw "]
[Result "1/2-1/2"]
[WhiteTitle ""]
[BlackTitle ""]
[WhiteElo "1140"]
[BlackElo "1715"]

1. e4 c5 2. c3 Nc6 3. d4 cxd4 4. cxd4 e6 5. Nf3 d5 6. exd5 Qxd5 7. Nc3 Bb4 8. Bd2
Qd8 9. Bb5 Nge7 10. O-O O-O 11. Bg5 Qb6 12. Bd3 h6 13. Be3 Qd8 14. Bc2 f5 15.
Qd2 Rf6 16. Rad1 Nd5 17. Qd3 Nce7 18. Bd2 a6 19. Bb3 Ba5 20. Ne5 Bc7 21. Ne2 b5
22. Ng3 Qe8 23. Rc1 Bb7 24. Bd1 Kh7 25. Nh5 Rf8 26. f4 g6 27. Ng3 Bb6 28. Ne2
Nf6 29. Nc3 Rd8 30. Be3 Ned5 31. Nxd5 Nxd5 32. Bd2 Nf6 33. Bc3 a5 34. Kh1 b4 35.
Be1 Bxd4 36. Rc7+ Kg8 37. Qh3 Bxe5 38. fxe5 Qb5 39. Rg1 Rd7 40. Rxd7 Nxd7 41.
Qxh6 Nxe5 42. Bb3 Rf7 43. Bg3 Qe2 44. Bxe6 Bxg2+ 45. Rxg2 Qf1+ 46. Rg1 1/2-1/2

[Event "XXVI Miedzynarodowy Festiwal Szachowy w Poznaniu - OPEN A"]
[Site "Poznan"]
[Date "2018-08-26"]
[Round "9.34"]
[White "Zielinski, Tomasz"]
[Black "Szczepaniak, Artur "]
[Result "0-1"]
[WhiteTitle ""]
[BlackTitle ""]
[WhiteElo "1382"]
[BlackElo "1677"]

1. e4 c5 2. Nf3 d6 3. d4 cxd4 4. Nxd4 Nf6 5. f3 a6 6. c4 e6 7. Be3 Be7 8. Be2 O-O
9. Nc3 Qc7 10. O-O Nbd7 11. Qd2 b6 12. b3 Bb7 13. Nc2 Rfd8 14. Rfd1 Bf8 15. Rac1
Rac8 16. Na4 Nc5 17. Nc3 d5 18. exd5 exd5 19. Bf4 Qe7 20. Nxd5 Nxd5 21. cxd5 Rxd5
22. Qe3 Rxd1+ 23. Rxd1 Qxe3+ 24. Nxe3 Ne6 25. Bd6 g6 26. Bxf8 Kxf8 27. Nc4 b5
28. Nd6 Rc2 29. Nxb7 Rxe2 30. a4 bxa4 31. bxa4 Rb2 32. Nd8 Nf4 33. Kf1 Nxg2 34.
Rd4 Ne3+ 35. Kg1 Rg2+ 36. Kh1 Rf2 37. h4 Rxf3 38. Nc6 Nf5 39. Rd8+ Kg7 40. Ra8
Nxh4 41. Rxa6 Rf2 42. Kg1 Ra2 43. a5 Nf3+ 44. Kf1 h5 45. Rb6 h4 0-1

[Event "XXVI Miedzynarodowy Festiwal Szachowy w Poznaniu - OPEN A"]
[Site "Poznan"]
[Date "2018-08-26"]
[Round "9.35"]
[White "Hoffmann, Piotr"]
[Black "Kaluzny, Jan "]
[Result "1-0"]
[WhiteTitle ""]
[BlackTitle ""]
[WhiteElo "1649"]
[BlackElo "1375"]

1. Nc3 c5 2. e4 Nc6 3. g3 b6 4. Bg2 Bb7 5. Nge2 Nf6 6. O-O g6 7. d4 cxd4 8. Nxd4
Nxd4 9. Qxd4 Bg7 10. e5 Bxg2 11. Kxg2 Ng8 12. Qe4 e6 13. Nb5 Ne7 14. Nd6+ Kf8
15. Bg5 Qb8 16. Rad1 Nc6 17. Nxf7 Kxf7 18. Rxd7+ Kg8 19. Qxc6 Qe8 20. Rfd1 Bf8
21. Bf6 h5 22. Bxh8 Kxh8 23. Rc7 Qxc6+ 24. Rxc6 Re8 25. Rd7 a5 26. Rxb6 Kg8 27.
c4 a4 28. Ra6 1-0

[Event "XXVI Miedzynarodowy Festiwal Szachowy w Poznaniu - OPEN A"]
[Site "Poznan"]
[Date "2018-08-26"]
[Round "9.36"]
[White "Zarzycki, Lukasz "]
[Black "Czarnolewski, Piotr"]
[Result "0-1"]
[WhiteTitle ""]
[BlackTitle ""]
[WhiteElo "1130"]
[BlackElo "1634"]

1. d4 Nf6 2. c4 c5 3. d5 b5 4. cxb5 a6 5. bxa6 g6 6. Nc3 Bxa6 7. Nf3 d6 8. g3 Bg7
9. Bg2 Nbd7 10. Rb1 Nb6 11. b3 Bb7 12. e4 Ba6 13. Bf1 O-O 14. Qc2 Qd7 15. Bxa6
Rxa6 16. O-O Rfa8 17. Kg2 Ng4 18. a4 Qd8 19. h3 Ne5 20. Nxe5 Bxe5 21. Bb2 c4 22.
Rfc1 cxb3 23. Qxb3 Nd7 24. Ne2 Rb6 25. Qc2 Rxb2 26. Rxb2 Bxb2 27. Qxb2 Nc5 28.
Rc4 Nxa4 29. Qd4 Nc5 30. Qc3 Qb6 31. Rb4 Qa6 32. Qb2 Qa7 33. Qb1 Qa3 34. Nf4 Qc3
35. Ne2 Qa3 36. Nf4 Ra4 37. Rxa4 Qxa4 38. Qb8+ Kg7 39. Qb2+ f6 40. f3 Qa5 41.
Ne6+ Nxe6 42. dxe6 Qe5 43. Qa2 f5 44. exf5 gxf5 45. Qd2 h6 46. Qa2 d5 47. Qa6
d4 48. Qc8 d3 49. Qd7 Qe2+ 50. Kg1 Qe3+ 51. Kg2 Kf6 52. Qd8 d2 53. Qf8+ Kxe6 54.
Qg8+ Ke5 55. Qg7+ Kd6 56. Qa1 Qe2+ 0-1

[Event "XXVI Miedzynarodowy Festiwal Szachowy w Poznaniu - OPEN A"]
[Site "Poznan"]
[Date "2018-08-26"]
[Round "9.37"]
[White "Aleshko, Margarita "]
[Black "Hoffmann, Kacper "]
[Result "1/2-1/2"]
[WhiteTitle ""]
[BlackTitle ""]
[WhiteElo "1219"]
[BlackElo "1569"]

1. e4 d6 2. d4 Nf6 3. Nc3 g6 4. Be3 Bg7 5. Qd2 O-O 6. Bh6 c5 7. d5 e6 8. a4 e5
9. Bxg7 Kxg7 10. Be2 Qa5 11. Bf3 b5 12. h4 b4 13. Nce2 Bg4 14. Bxg4 Nxg4 15. h5
Nd7 16. hxg6 fxg6 17. Nh3 h6 18. f4 Qd8 1/2-1/2

[Event "XXVI Miedzynarodowy Festiwal Szachowy w Poznaniu - OPEN A"]
[Site "Poznan"]
[Date "2018-08-26"]
[Round "9.38"]
[White "Nowak, Roksana "]
[Black "Zatylny, Jan "]
[Result "1/2-1/2"]
[WhiteTitle ""]
[BlackTitle ""]
[WhiteElo "1329"]
[BlackElo "1548"]

1. f4 e6 2. Nf3 Nf6 3. e3 d5 4. b3 Nbd7 5. Bb2 Be7 6. Be2 c6 7. O-O O-O 8. Qe1
h6 9. h3 Nh7 10. d3 Bf6 11. Bxf6 Qxf6 12. Nbd2 Qc3 13. Rc1 f5 14. Nb1 Qf6 15.
Qg3 g5 16. fxg5 hxg5 17. d4 Qg7 18. c3 Ndf6 19. Ne5 Nd7 20. Nf3 Ndf6 21. Ne5 Nd7
22. Nf3 Ndf6 23. Ne5 1/2-1/2

[Event "XXVI Miedzynarodowy Festiwal Szachowy w Poznaniu - OPEN A"]
[Site "Poznan"]
[Date "2018-08-26"]
[Round "9.39"]
[White "Huchwajda, Grzegorz"]
[Black "Nawrowski, Artur "]
[Result "1-0"]
[WhiteTitle ""]
[BlackTitle ""]
[WhiteElo "1531"]
[BlackElo "1024"]

1. e4 c5 2. d4 cxd4 3. c3 dxc3 4. Nxc3 d6 5. Nf3 Nf6 6. e5 Ng4 7. exd6 Qb6 8. Bb5+
Nd7 9. O-O Qxd6 10. Qa4 Nge5 11. Nxe5 Qxe5 12. Bf4 Qf5 13. Rfd1 a6 14. Bg3 g6
15. Rd5 Qe6 16. Rad1 axb5 17. Qxa8 Qc6 18. Rxd7 Qxd7 19. Rxd7 Kxd7 20. Qb8 1-0